| 000 | 00831nam a2200193 4500 | ||
|---|---|---|---|
| 005 | 20240530110540.0 | ||
| 008 | 160507s2013 ua ao||g ||||f00| 0da d | ||
| 020 | _a9789774485077 | ||
| 040 | _aEG-CaGPL | ||
| 082 | 0 | 4 |
_a745.5 _bس ز _221 |
| 100 | 0 | _aسامى بخيت عبدالصالحين. | |
| 245 | 1 | 0 |
_aزخارف الحرف الشعبية المصرية بين التراث والمعاصرة = _bhe ornments of the egyptian folk crafts batween heritage and renewal / _cسامى بخيت عبدالصالحين. |
| 260 |
_aالقاهرة : _bالهيئة المصرية العامة للكتاب، _c2013. |
||
| 300 |
_a384 ص. : _bرسوم، صور ؛ _c25 سم. |
||
| 650 | 0 | 4 | _aالحرف اليدوية |
| 650 | 0 | 4 | _aالفانون المصريون |
| 942 |
_2ddc _cBK |
||
| 999 |
_c62239 _d62239 |
||